Normal view
MARC view
Entry Nombre personal
001 - NÚMERO DE CONTROL
- campo de control: 111690
003 - IDENTIFICADOR DE NÚMERO DE CONTROL
- campo de control: OSt
005 - FECHA Y HORA DE LA ÚLTIMA TRANSACCIÓN
- campo de control: 20260423103802.0
008 - ELEMENTOS DE DATO DE LONGITUD-FIJA
- campo de control de longitud fija: 260423|| aca||aabn | a|a d
024 8# - IDENTIFICADOR DE OTROS ESTÁNDARES
- Número estándar o código: https://historia-hispanica.rah.es/biografias/41605-francisco-sanchiz
040 ## - FUENTE DE CATALOGACIÓN
- Centro catalogador/agencia de origen: M-RABA
100 1# - ENCABEZAMIENTO-NOMBRE DE PERSONA
- Nombre de persona: Sanchiz, Francisco
373 ## - GRUPO ASOCIADO
- Grupo asociado: Escultura
374 ## - OCUPACIÓN
- Ocupación: Escultor
375 ## - GÉNERO/SEXO
- Género: Masculino
670 ## - FUENTE DE DATOS ENCONTRADOS
- Cita de la fuente: WWW RAH, 23/04/2026
- Información encontrada: (Francisco Sanchiz)